01298nab a22002417a 4500999001500000003000400015005001700019008004100036040000700077100003200084245011900116260007200235300001300307500003900320505034000359505008900699650002600788650003800814650002200852700003000874773013900904942001301043 c5924d5924OSt20260114010145.0190605e xxu||||| |||| 00| 0 spa d cPJ 96779aSwinnen, Sebastián 10aNómades digitales : bderecho migratorio y teletrabajo internacional /cSebastián Swinnen, Marianne L. Beyer.  aCiudad Autónoma de Buenos Aires :bThomson Reuters La Ley,c2024. ap. 84-97 aCita: TR LALEY AR/DOC/2509/2023.  aSumario: I. Introducción.— II. Concepto.— III. Aspectos del derecho migratorio.— IV. Aporte del derecho internacional privado.— V. Aspectos del Derecho internacional privado del trabajo.— VI. La ley aplicable al contrato internacional de trabajo.— VII. La problemática del lugar de cumplimiento.— VIII. Conclusiones.  t¿Te interesa el texto completo? Solicitalo al correo: koha@justierradelfuego.gov.ar 091316aDERECHO LABORAL 091566aOBLIGACIONES DEL TRABAJADOR 094478aMIGRACIONES 96780aBeyer, Marianne L. 0 0271193168dCiudad Autónoma de Buenos Aires : Thomson Reuters La Ley, 1999-2002.tRevista de derecho del trabajo. Nº 1 - Enero 2024 2udccANA